Cinéma et peinture : Passages, partages, présences (notice n° 1567541)

détails MARC
000 -LEADER
fixed length control field 01315cam a2200133 4500500
005 - DATE AND TIME OF LATEST TRANSACTION
control field 20251214002833.0
041 ## - LANGUAGE CODE
Language code of text/sound track or separate title fre
042 ## - AUTHENTICATION CODE
Authentication code dc
100 10 - MAIN ENTRY--PERSONAL NAME
Personal name Vancheri, Luc
Relator term author
245 00 - TITLE STATEMENT
Title Cinéma et peinture : Passages, partages, présences
260 ## - PUBLICATION, DISTRIBUTION, ETC.
Name of publisher, distributor, etc. Armand Colin,<br/>
Date of publication, distribution, etc. 2007.<br/>
520 ## - SUMMARY, ETC.
Summary, etc. Un débat ouvert dès la naissance du cinéma.La nouveauté de cet ouvrage relève : d’une part de sa triple mise en perspective esthétique, historique et théorique, laquelle entend restaurer leur caractère lié. D’autre part, de sa faculté à faire entendre, tout en l’analysant, le fait que le cinéma est bien plus : que l’invention séparée d’une nouvelle technique de production et de projection des images, qu’un nouveau régime d’images et de fiction ; qu’un simple renouvellement des conditions spectatorielles.C’est cela qui a permis l’institution du cinéma comme art dès lors qu’il devenait identifiable aux conceptions de l’art héritées de la peinture. Le cinéma a rejoué en peu de temps ce que la peinture avait mis plusieurs siècles, dès le milieu du 17e, a instruire pour elle-même. De nombreux exemples développés viennent appuyer l’argumentation.
856 41 - ELECTRONIC LOCATION AND ACCESS
Uniform Resource Identifier <a href="https://shs.cairn.info/cinema-et-peinture--9782200352844?lang=fr&redirect-ssocas=7080">https://shs.cairn.info/cinema-et-peinture--9782200352844?lang=fr&redirect-ssocas=7080</a>

Pas d'exemplaire disponible.

PLUDOC

PLUDOC est la plateforme unique et centralisée de gestion des bibliothèques physiques et numériques de Guinée administré par le CEDUST. Elle est la plus grande base de données de ressources documentaires pour les Étudiants, Enseignants chercheurs et Chercheurs de Guinée.

Adresse

627 919 101/664 919 101

25 boulevard du commerce
Kaloum, Conakry, Guinée

Réseaux sociaux

Powered by Netsen Group @ 2025